Taylor Swift - Paroles You Belong With Me - Statistiques

Statistiques générales
  • Ce quiz a été pris 2 374 fois
  • Le résultat moyen est 316 sur 397
Statistiques - réponses
Hint Réponse % Correct
you
99%
You
99%
you?
99%
I
98%
with
98%
a
97%
she
97%
Pré-refrain She
97%
the
97%
on
96%
me
95%
me?
95%
your
95%
be
93%
do
93%
girl
93%
I'm
93%
she's
93%
She's
93%
up
92%
wear
92%
belong
91%
girlfriend,
91%
phone
91%
that
91%
That
91%
that?
91%
And
90%
and
90%
like
90%
So,
90%
Couplet 1 You're
90%
you're
90%
in
89%
In
89%
'bout
88%
upset
88%
Captain,
87%
Cheer
87%
short
87%
about
86%
doesn't
86%
night
85%
to
85%
it
84%
of
84%
one
84%
said
84%
see
84%
see?
84%
Who
84%
who
84%
can
82%
room,
82%
something
82%
wears
82%
for
81%
it's
81%
time
81%
Tuesday
81%
typical
81%
when
81%
When
81%
can't
80%
Refrain Can't
80%
skirts
80%
by
79%
day
79%
know
79%
know,
79%
looking
79%
going
78%
here
78%
wake
78%
been
77%
Been
77%
music
77%
what
77%
get
76%
why
76%
all
75%
All
75%
Dreaming
75%
bleachers
74%
kind
74%
listening
74%
find
73%
T-shirts
73%
humor
72%
my
72%
has
70%
never
70%
Bridge Oh,
70%
whole
70%
sneakers
69%
story
69%
understands
69%
high
68%
could
67%
heels
67%
Refrain If
67%
along
66%
is
65%
Pré-refrain But
64%
this
62%
Think
61%
she'll
59%
'Cause
58%
off
57%
jeans
54%
Have
53%
smile
52%
where
52%
cry
51%
how
51%
out
51%
laugh
50%
middle
50%
got
49%
thinking
49%
easy?
47%
light
47%
town
47%
doing
46%
not
46%
down
45%
dreams
45%
favorite
45%
myself
45%
tell
45%
you've
45%
baby?
44%
house
44%
Couplet 2 Walk
44%
makes
43%
songs
43%
better
42%
streets
42%
than
42%
while
42%
haven't
41%
isn't
41%
seen
41%
brought
40%
remember
40%
Since
40%
driving
39%
worn
37%
at
36%
Hey,
36%
Standing
36%
bench
34%
ever
34%
say
34%
just
32%
maybe
32%
waiting
32%
backdoor
31%
park
28%
thought
28%
fine,
27%
help
26%
Laughing
23%
ought
23%
Aucun quiz correspondant
Distribution des résultats
% des personnes avec chaque résultat
Percentile par nombre de réponses
Votre historique - résultats
Vous n’avez pas pris ce quiz